1277 1799 1309 1670 1729 1886 1171 1367 1079 1140 1125 1016 1099 1840 1660 1973 1931 1094 1836 1286 1337 1717 1669 1420 1902 1637 2000 1049 1375 1172 1624 1972 1917 1795 1830 1318 1252 1675 1118 1669 1655 1046 1960 1752 1986 1369 1069 1163 1406 1740 1038 1401 1091 1211 1170 1229 1187 1479 1373 1481 1155 1968 1190 1212 1089 1832 1009 1418 1309 1310 1510 1304 1816 1844 1014 1547 1176 1396 1646 1963 1561 1863 1027 1671 1911 1816 1521 1117 1903 1525 1287 1087 1587 1830 1091 1968 1587 1222 1111 BCNSPRNW ULIB Ver.6.0+V

เปลี่ยนเป็นภาษาไทย

Change to English
 แสดงรายละเอียดบรรณานุกรม
  กลับหน้าหลัก

Brief Record : Get Marc (ISO 2709) : E-mail record : QR code < ปิดหน้าต่าง
LEADER : 00000nam 2200000uu 4500
001    13399114093
003     ULIB
008    120216s2549||||th 000 0 tha d
020    ^a9744661194
060  4 ^aWA395^bก425ส 2549
100 0  ^aกาญจนา แก้วเทพ
245 10 ^aสื่อพื้นบ้านขานรับงานสุขภาพ /^cการญจนา แก้วเทพ, เธียรชัยอิศรเดช
250    ^aพิมพ์ครั้งที่ 1
260    ^aกรุงเทพฯ :^bโครงการสื่อพื้นบ้านสื่อสารสุข (สพส.),^c2549
300    ^a(Z), 247 หน้า :^bภาพประกอบ ;^c21 ซม.
650  7 ^aสุขภาพ^xการสอนด้วยสื่อ
650  7 ^aสื่อพื้นบ้าน
700 0  ^aเธียรชัย อิศรเดช
710 2  ^aโครงการสื่อพื้นบ้านสื่อสารสุข (สพส.)
945    ^p185^l0^i24779
995    ^aกัณชพร
999    ^aใช้งานได้ทุกระบบ
รายการนี้ยังไม่มีแท็ก
คุณยังไม่ได้ล็อกอิน คุณสามารถมีกิจกรรมร่วมกับเว็บไซต์ได้ แต่ต้องล็อกอินก่อน ::
  ล็อกอิน

รายการสื่อสารสนเทศ

ลำดับที่ ประเภท เลขเรียก/บาร์โค้ด สถานที่ สถานะ
- ไม่พบข้อมูล -

รายการใกล้เคียง
    ผู้แต่ง [กาญจนา แก้วเทพ]

BibComment


ยังไม่เคยถูกคอมเมนท์

คอมเมนท์ทรัพยากรรายการนี้
  คอมเมนท์: สื่อพื้นบ้านขานร..


 Copyright 2026. Bcnsprnw @Library